logo

Bir Sreshtho Munshi Abdur Rouf Library
Jhenaidah Cadet College

The rise and fall of the East : (Record no. 13667)

MARC details
000 -LEADER
fixed length control field 00840nam a2200217 a 4500
001 - CONTROL NUMBER
JCCL Control Number 13667
003 - CONTROL NUMBER IDENTIFIER
JCCL marc code BD-JhCC
005 - DATE AND TIME OF LATEST TRANSACTION
control field 20240313194142.0
008 - FIXED-LENGTH DATA ELEMENTS--GENERAL INFORMATION
fixed length control field 240313b2023 nyu |||| ||a| 001 0 eng d
020 ## - INTERNATIONAL STANDARD BOOK NUMBER
International Standard Book Number 9780300274912
035 ## - SYSTEM CONTROL NUMBER
system control number (BD-JhCC)13667
040 ## - CATALOGING SOURCE
Original cataloging agency BD-JhCC
Modifying agency BD-JhCC
041 ## - LANGUAGE CODE
Language code of Book english
082 ## - DEWEY DECIMAL CLASSIFICATION NUMBER
Classification number 338.951
Author mark and Year HUA 2023
100 ## - MAIN ENTRY--PERSONAL NAME
Personal name Huang,Yasheng
245 ## - TITLE STATEMENT
Title The rise and fall of the East :
Remainder of title How exams, autocracy, stability, and technology brought China success, and why they might lead to its decline /
Statement of responsibility, etc Yasheng Huang.
260 ## - PUBLICATION, DISTRIBUTION, ETC. (IMPRINT)
Place of publication, distribution, etc New York:
Name of publisher, distributor, etc Yale University Press;
Date of publication, distribution, etc 2023.
300 ## - PHYSICAL DESCRIPTION
Pagination 420 p, :
Other physical details ill;
Dimensions 22 cm
650 ## - SUBJECT ADDED ENTRY--TOPICAL TERM
Topical term or geographic name as entry element Bureaucracy Economic aspects China History
General subdivision Bureaucratie Aspect économique Chine Histoire
Geographic subdivision China Economic policy History
Chronological subdivision Civil service China Examinations History
942 ## - ADDED ENTRY ELEMENTS (KOHA)
Source of classification or shelving scheme Dewey Decimal Classification
Koha item type Books
Holdings
Source of classification or shelving scheme Damaged status Not for loan Home library Current library Shelving location Date of accession Cost, normal purchase price Total Checkouts Full call number Barcode Date last seen Date checked out Copy number Method of acquisition Koha item type Currency
Dewey Decimal Classification     JCC Rouf Library JCC Rouf Library General Stacks   460.00 1 338.951 HUA 2023 19132 12/24/2024 10/21/2024 C-1 Purchase Books BDT

JCC Library | Contacts | JCC Home

Last Update on 23 September 2017
Copyright @ 2017-2020 JCC Rouf Library
Rouf Library, Jhenidah Cadet College (JCC), Bangladesh